Loading...
| Fine Arts - Other | 0 | 6 | 0 | 0 | 60 | 111 | 127.17 | 0 | 0 | 4.01 | 12.09 |
| Fine Arts - Painting & Sculpture | 0 | 5 | 1 | 0 | 45 | 64 | 114.20 | 1 | 1 | 5.91 | 17.65 |
| Science - Other | 0 | 3 | 0 | 0 | 30 | 124 | 132.67 | 0 | 0 | 0.35 | 5.74 |
| Philosophy | 0 | 3 | 1 | 0 | 25 | 135 | 138.67 | 0 | 0 | 0.16 | 5.39 |
| Literature - World | 0 | 2 | 0 | 1 | 20 | 110 | 129.00 | 0 | 0 | 1.15 | 8.33 |
| Current Events | 0 | 1 | 0 | 0 | 10 | 62 | 62.00 | 0 | 0 | 6.19 | 6.02 |
| History - Other | 0 | 1 | 0 | 0 | 10 | 134 | 134.00 | 0 | 0 | 0.00 | 0.29 |
| Literature - American | 0 | 1 | 0 | 0 | 10 | 114 | 114.00 | 0 | 0 | 1.66 | 2.94 |
| Literature - British | 0 | 2 | 2 | 1 | 10 | 135 | 145.00 | 0 | 0 | 0.25 | 3.22 |
| Science - Chemistry | 0 | 1 | 0 | 0 | 10 | 126 | 126.00 | 0 | 0 | 0.00 | 0.25 |
| Social Science | 0 | 1 | 1 | 0 | 5 | 114 | 114.00 | 0 | 0 | 0.39 | 1.47 |
| History - European | 0 | 0 | 0 | 0 | 0 | 0.00 | 0 | 0 | 0.00 | 0.00 | |
| Science - Biology | 0 | 0 | 0 | 0 | 0 | 0.00 | 0 | 0 | 0.00 | 0.00 | |
| Fine Arts - Classical Music | 0 | 0 | 0 | 0 | 0 | 0.00 | 0 | 0 | 0.00 | 0.00 | |
| Other Academic | 0 | 0 | 0 | 0 | 0 | 0.00 | 0 | 0 | 0.00 | 0.00 | |
| Religion | 0 | 0 | 1 | 0 | -5 | 0.00 | 0 | 0 | 0.00 | 0.00 | |
| History - American | 0 | 0 | 1 | 0 | -5 | 0.00 | 0 | 0 | 0.00 | 0.00 | |
| Science - Physics | 0 | 0 | 2 | 0 | -10 | 0.00 | 0 | 0 | 0.00 | 0.00 |